00466nam a2200145Ia 4500008004100000020001400041245007900055260004400134516002000178650001300198650001300211650001300224830003500237856004800272140925s9999 xx 000 0 und d a2227-488X aInternational Journal of Advanced Nursing Studies /h[electronic resource] bScience Publishing Corporation,cc2013. aElectronic text aJournal. aNursing. aStudies. aScience Publishing Corporation uhttp://www.sciencepubco.com/index.php/IJANS